000 01367nam a22004097a 4500
001 000002459
003 CHAP
005 20220329133125.0
008 971013s1990 mx |r| 000|0 spa d
010 _a2410
011 _a3382
035 _a2582
040 _cCHAP
090 _aFolleto 12635
100 0 0 _aContreras López, Antelmo.
_927503
245 1 0 _aGuía para cultivar arroz en Tabasco.
260 _aHuimanguillo, Tab. :
_bINIFAP. Centro de Investigaciones Forestales y Agropecuarias de Tabasco,
_c1990.
300 _a[2] p.
490 1 _aINIA. México. CIANO. Folleto para productores : 6
500 _aD45-195
590 _aBATCH-UPD
_b10
_c20130109
_lUCH01
_h2310
590 _aBATCH-UPD
_b10
_c20130110
_lUCH01
_h1031
590 _aBATCH-UPD
_b10
_c20130410
_lUCH01
_h0634
590 _aBATCH-UPD
_b10
_c20130913
_lUCH01
_h2140
590 _aCONVERSION
_b10
_c20130109
_lUCH01
_h1303
590 _aE5995AHE
_b05
_c20150604
_lUCH01
_h0903
650 1 4 _aAgricultura de temporal.
_91999
650 1 4 _aArroz
_xRendimiento.
_97651
650 1 4 _aArroz
_xTabasco.
_97661
700 0 _aHernández Aragón, Leonardo.
_953808
700 0 _aMárquez Cabrera, Fernando.
_976299
830 0 _aINIA. México. CIANO. Folleto para productores : 6
_958574
901 _aBK
942 _cFOLL
942 _n0
949 _aFolleto 12635
_bBC
_cFOLL
_d-12085
_eTS1
_i2582
_si
999 _c2410
_d2410